000 00858nam a2200277 a 4500
003 OSt
005 20170227100600.0
008 030603s2003 maub b 001 0beng c
010 _a 2003103400
020 _a073820692X
035 _a(OCoLC)ocm52361457
040 _aJRZ
_cJRZ
_dSMI
_dOCoLC
042 _apcc
043 _ae-uk-st
049 _aSMJV
_ncnps 06/05/03
050 4 _aQE22.H9
_bR47 2003
100 1 _aRepcheck, Jack
245 1 4 _aThe man who found time :
_bJames Hutton and the discovery of the earth's antiquity /
_cJack Repcheck.
260 _aCambridge, MA :
_bPerseus,
_cc2003.
300 _a247 p. :
_bmap ;
_c20 cm.
504 _aIncludes bibliographical references (p. 217-228) and index.
600 1 0 _aHutton, James,
_d1726-1797
650 0 _aGeology
_xHistory
650 0 _aGeologists
_zScotland
_vBiography.
942 _2lcc
_cBK
999 _c255740
_d255739